00819nam a2200193 a 450000100100000000500170001000800410002704000250006810000260009324501030011926001080022230000200033050000200035070000360037071000880040604900090049495201050050399900170060800002911420200930055336.0110413s1968 dr 000 0 spa d aDO-SdBNPbspacBNPHU1 aSmith, Leon R.95601910aApuntes prácticos sobre el uso de abonos comerciales. /cLeon R. Smith, Juan Francisco García. aSantiago de los Caballeros, República Dominicana :bDivición de Investigaciones Agrícolas,c1968. a11 p. ;c28 cm. aBoletín no. 91 aGarcía, Juan Francisco9560202 aInstituto Superior de AgriculturabDivición de Investigaciones Agrícolas956021 aBNPD 0010718PDaPDbPDcCTd2011-04-13iLF1l0o p29114-10r2020-06-25w2020-06-25yLFPDZNo se presta c28606d28606